Relativismo y racionalidad

Salvato in:
Dettagli Bibliografici
Autore principale: Hoyos, Luis Eduardo (Autore)
Natura: Libro
Lingua:spagnolo
Pubblicazione: Bogotá Universidad Nacional de Colombia 2005
Soggetti:
Tags: Aggiungi Tag
Nessun Tag, puoi essere il primo ad aggiungerne!!

MARC

LEADER 00000nam a2200000 a 4500
001 UCI2707
003 CL-VaPUC
008 070907e20050000CK |||||||||||||||||spa|d
020 |a 9587014944 
082 0 4 |a 149.7  |b HOY  |2 21 
100 |a Hoyos, Luis Eduardo  |e author  |9 527854 
245 1 0 |a Relativismo y racionalidad 
300 |a 425 p 
942 |c BK 
945 |d 20070907 00:00:00  |a jtorresc 
260 |a Bogotá  |b Universidad Nacional de Colombia  |c 2005 
650 0 |a Escepticismo  |9 258591 
650 0 |a Filosofía contemporánea  |9 265372 
583 |a last modification  |c 20070907 00:00:00  |k Rodrigo Vera 
999 |c 327184  |d 327182 
952 |0 0  |1 0  |4 0  |6 149_700000000000000_HOY_2005  |7 0  |8 A  |9 409666  |a BIBEDU  |b BIBEDU  |d 2019-11-22  |i 4368908  |o 149.7 HOY 2005  |p 4368908  |r 2019-11-22  |w 2019-11-22  |y BK  |k FIL